Los toros y su mundo en los Carabancheles (Record no. 183882)
[ view plain ]
| 000 -LEADER | |
|---|---|
| campo de control de longitud fija | 00999nam a2200241 i 4500 |
| 001 - NÚMERO DE CONTROL | |
| campo de control | 183882 |
| 003 - IDENTIFICADOR DE NÚMERO DE CONTROL | |
| campo de control | ES-MaACL |
| 005 - FECHA Y HORA DE LA ÚLTIMA TRANSACCIÓN | |
| campo de control | 20251120135057.0 |
| 008 - DATOS DE LONGITUD FIJA--INFORMACIÓN GENERAL | |
| campo de control de longitud fija | 141104s2014 sp aco |||| | spa d |
| 020 ## - NÚMERO INTERNACIONAL ESTÁNDAR DEL LIBRO | |
| Número Internacional Estándar del Libro | 978-84-9873-242-9 |
| 100 1# - ENTRADA PRINCIPAL--NOMBRE DE PERSONA | |
| Nombre de persona | Faucha Pérez, Francisco Javier. |
| 9 (RLIN) | 155845 |
| 245 14 - MENCIÓN DEL TÍTULO | |
| Título | Los toros y su mundo en los Carabancheles |
| Resto del título | : (s. XVII-XXI) / |
| Mención de responsabilidad, etc. | Francisco Javier Faucha Pérez, Jesús Fernández Sanz. |
| 260 ## - PUBLICACIÓN, DISTRIBUCIÓN, ETC. | |
| Lugar de publicación, distribución, etc. | Madrid : |
| Nombre del editor, distribuidor, etc. | La Librería, |
| Fecha de publicación, distribución, etc. | 2014. |
| 300 ## - DESCRIPCIÓN FÍSICA | |
| Extensión | 203 p. : |
| Otras características físicas | il., retr. ; |
| Dimensiones | 24 cm. |
| 504 ## - NOTA DE BIBLIOGRAFÍA, ETC. | |
| Nota de bibliografía, etc. | Bibliografía: p. 199-203. |
| 610 24 - PUNTO DE ACCESO ADICIONAL DE MATERIA--NOMBRE DE ENTIDAD CORPORATIVA | |
| Nombre de entidad corporativa o nombre de jurisdicción como elemento de entrada | Plaza de Toros de Vista Alegre (Madrid) |
| 9 (RLIN) | 155848 |
| 650 #4 - PUNTO DE ACCESO ADICIONAL DE MATERIA--TÉRMINO DE MATERIA | |
| Término de materia o nombre geográfico como elemento de entrada | Corridas de toros- |
| Subdivisión geográfica | Madrid- |
| Subdivisión de forma | Historia. |
| 9 (RLIN) | 138679 |
| 700 1# - ENTRADA AGREGADA--NOMBRE PERSONAL | |
| Nombre de persona | Fernández Sanz, Jesús, |
| Fechas asociadas al nombre | 1951- |
| 9 (RLIN) | 155844 |
| 852 ## - LOCALIZACIÓN | |
| Ubicación | ES-MaACL |
| Número de control de estantería | A-13294 |
| itemnumber | 190840 |
| Sublocalización o colección | R.150136 |
| Ubicación en estantería | Depósito 1 |
| Signatura antigua | Olim: N-6294 |
| Donativo/Legado | Donación: Jesús Fernández Sanz |
| Anotaciones manuscritas | Dedicatoria autógrafa del autor |
| 903 ## - NOMBRE PERSONAL DE DONANTE | |
| a | Fernández Sanz, Jesús, |
| d | 1951- |
| e | Donante |
| 9 | 155844 |
| 942 ## - ELEMENTOS DE ENTRADA SECUNDARIOS (KOHA) | |
| Fuente del sistema de clasificación o colocación | Clasificación decimal universal |
| Tipo de ítem Koha | Libro impreso |
| Estatus retirado | Estado de pérdida | Fuente del sistema de clasificación o colocación | Estado de daño | No para préstamo | Colección | Biblioteca de origen | Biblioteca actual | Ubicación en estantería | Fecha de adquisición | Fuente de adquisición | Total de préstamos | Signatura topográfica completa | Código de barras | Visto por última vez | Precio de reemplazo | Tipo de ítem Koha | Nota pública |
|---|---|---|---|---|---|---|---|---|---|---|---|---|---|---|---|---|---|
| Clasificación decimal universal | Libros con dedicatorias | Biblioteca del Ateneo de Madrid | Biblioteca del Ateneo de Madrid | Depósito 1 | 04/11/2014 | Donación | A-13294 | 1193350 | 23/02/2023 | 23/02/2023 | Libro impreso | Dedicatoria autógrafa del autor |
